Statistiques concernant Les 289 CLUBS représentés à la Coupe du Monde 2022 !

Cliquez ici pour prendre le quiz!

Statistiques générales

  • Ce quiz a été pris 271 fois
  • Le résultat moyen est 67 sur 289

Statistiques - réponses

PaysClub% Correct
FranceParis SG11
92%
AngleterreManchester City17
86%
EspagneReal Madrid14
86%
AngleterreManchester United14
85%
FranceOlympique de Marseille8
85%
EspagneFC Barcelone17
83%
FranceStade Rennais8
80%
AllemagneBayern Munich18
79%
AngleterreChelsea13
79%
FranceOlympique Lyonnais2
79%
FranceLille OSC2
78%
FranceAS Monaco6
77%
AngleterreLiverpool7
77%
AllemagneBorussia Dortmund11
76%
AngleterreArsenal10
75%
FranceRC Lens3
73%
ItalieAC Milan7
71%
EspagneAtletico Madrid11
71%
FranceFC Nantes1
71%
ItalieJuventus Turin11
71%
FranceToulouse1
71%
ItalieInter Milan11
70%
FranceOGC Nice2
70%
AngleterreTottenham Hostpur11
69%
FranceRC Strasbourg2
68%
EspagneFC Séville10
65%
FranceMontpellier2
64%
AllemagneRB Leipzig8
62%
ItalieAS Rome4
61%
FranceStade Brestois1
61%
ItalieSSC Naples5
60%
AngleterreWest Ham United5
59%
PortugalFC Porto7
57%
FranceSCO Angers2
57%
FranceStade de Reims1
56%
AngleterreAston Villa3
55%
PortugalBenfica6
54%
FranceClermont F632
54%
Pays-BasAjax Amsterdam11
53%
AngleterreBrighton & Hove8
53%
FranceFC Lorient1
53%
AngleterreNewcastle United5
53%
EspagneReal Betis5
53%
ItalieLazio Rome2
52%
AngleterreLeicester City7
52%
EspagneValence5
52%
AngleterreEverton6
51%
PortugalSporting Portugal4
51%
AllemagneUnion Berlin1
50%
AllemagneBayer Leverkusen4
49%
FranceESTAC Troyes2
49%
FranceAJ Auxerre1
48%
AllemagneEintracht Francfort6
48%
EspagneAtheltic Club Bilbao3
47%
Pays-BasPSV Eindhoven4
46%
AngleterreLeeds United3
45%
ItalieAtalanta Bergame4
44%
AllemagneBorussia Mönchengladbach6
44%
ItalieFiorentina5
44%
EspagneVillareal5
44%
AngleterreWolverhampton5
44%
AllemagneSchalke 041
43%
AllemagneVfL Wolfsburg3
43%
BelgiqueClub Bruges9
42%
AngleterreCrystal Palace3
42%
Pays-BasFeyenoord Rotterdam3
42%
AngleterreFulham6
42%
EspagneReal Sociedad1
42%
AngleterreNottingham Forest6
41%
PortugalSC Braga2
41%
AngleterreSouthampton2
41%
ItalieTorino5
40%
AllemagneVfb Stuttgart3
39%
BelgiqueCercle Bruges1
38%
ÉcosseCeltic Glasgow4
37%
BelgiqueAnderlecht1
36%
AllemagneWerder Brême2
36%
TurquieGalatasaray5
35%
FranceD2SM Caen1
35%
AngleterreBrentford6
34%
ÉcosseRangers Glasgow1
34%
AllemagneSC Fribourg5
34%
SuisseYoung Boys Berne3
34%
AllemagneFC Cologne1
33%
AllemagneHertha Berlin1
32%
AutricheRed Bull Salzbourg4
32%
ItalieSampdoria3
32%
AngleterreD2Burnley1
30%
AngleterreBournemouth2
29%
EspagneCelta Vigo2
29%
AllemagneMayence 053
29%
FranceAmiens1
28%
TurquieBeşiktaş4
28%
ItalieBologne2
28%
AllemagneTSG Hoffenheim2
28%
ItalieUS Sassuolo1
28%
SuisseFC Bâle2
27%
TurquieFenerbahçe2
27%
Arabie SaouditeAl-Nassr7
26%
BrésilFlamengo4
26%
Etats-UnisInter Miami1
26%
BelgiqueKRC Genk4
26%
EspagneRCD Majorque2
26%
Pays de GallesD2Cardiff City2
25%
AngleterreD2Norwich City1
25%
EspagneReal Valladolid3
25%
ArgentineRiver Plate2
25%
Pays de GallesD2Swansea United3
25%
RussieZenith Saint-Pétersbourg1
25%
CroatieDinamo Zagreb5
24%
RussieDynamo Moscou1
24%
EspagneGetafe CF2
24%
Etats-UnisHouston Dynamo1
24%
GrèceOlympiakos4
24%
BelgiqueRoyal Anvers3
24%
ItalieUdinese Calcio1
24%
BelgiqueStandard Liège1
23%
Arabie SaouditeAl-Hilal12
22%
DanemarkFC Copenhague2
22%
AngleterreD2Watford1
22%
SerbieÉtoile Rouge de Belgrade3
21%
AllemagneFC Augsbourg3
21%
ItalieHellas Verone4
21%
EspagneOsasuna2
21%
EspagneRayo Vallecano1
21%
ItalieSalernitana3
21%
AngleterreD2Sheffield United2
21%
AllemagneVfL Bochum1
21%
AngleterreD2Birmingham City1
20%
Etats-UnisLos Angeles Galaxy1
20%
AngleterreD2Luton Town2
19%
ItalieSpezia Calcio3
19%
AngleterreD2Sunderland2
19%
CanadaToronto3
19%
CanadaCF Montréal6
18%
EspagneUD Almeria1
17%
PologneLegia Varsovie2
16%
AngleterreD2Reading3
16%
BrésilSao Paulo FC1
16%
ItalieD2SSC Bari1
16%
Etats-UnisChicago Fire1
15%
Etats-UnisLos Angeles FC5
15%
AngleterreD2Queens Park Rangers2
15%
MarocWydad Casablanca3
15%
TunisieEspérance Sportive de Tunis3
14%
JaponFC Tokyo1
14%
Émirats Arabes UnisShabab Al-Ahli Dubaï1
14%
AustralieSydney FC1
14%
AllemagneD2Fortuna Düsseldorf1
13%
CroatieHadjuk Split1
13%
BelgiqueRoyal Charleroi1
13%
AngleterreD2Stoke City1
13%
TurquieTrabzonspor2
13%
ItalieUS Cremonese1
13%
CanadaVancouver Whitecaps2
13%
GrèceAEK Athènes5
12%
AustralieMelbourne City2
12%
Etats-UnisSeattle Sounders4
12%
MexiqueCF Monterrey2
11%
Arabie Saoudite | QatarAl-Ahli2
10%
TurquieAntalyaspor1
10%
Etats-UnisFC Dallas1
10%
PologneLech Poznań1
10%
AngleterreD2Bristol City1
9%
SuisseFC Lugano1
9%
Corée du SudFC Séoul3
9%
HongrieFerencváros1
9%
JaponGamba Osaka1
9%
AngleterreD2Middlesbrough1
9%
Etats-UnisNew York City1
9%
Etats-UnisNew York Red Bulls1
9%
BrésilPalmeiras1
9%
AngleterreD2Portsmouth1
9%
Arabie SaouditeAl-Ittihad2
8%
ItalieD2Benevento Calcio1
8%
EspagneD2CD Leganés1
8%
SuisseFC Lucerne2
8%
ÉquateurLiga du Quito1
8%
GrècePAOK Salonique1
8%
Arabie SaouditeAl-Shabab Riyad5
7%
ItalieD2Brescia Calcio1
7%
DanemarkBrøndby IF2
7%
MexiqueChivas de Guadalajara2
7%
ÉcosseDundee United2
7%
SuisseFC Saint-Gall1
7%
AllemagneD2Hannovre 961
7%
AngleterreD2Huddersfield Town1
7%
BelgiqueMalines1
7%
ChypreOmonia Nicosie1
7%
EgypteAl Ahly1
6%
Pays-BasHeerenveen1
6%
AustralieAdelaïde United1
5%
AngleterreD4AFC Wimbledon1
5%
TurquieAlanyaspor1
5%
QatarAl-Sadd14
5%
AllemagneD2FC Sankt Pauli1
5%
ÉcosseHibernian1
5%
TurquieKonyaspor1
5%
Etats-UnisOrlando City1
5%
MexiquePUMAS1
5%
QatarAl-Gharafa3
4%
QatarAl-Rayyan2
4%
EspagneD2CD Lugo1
4%
MexiqueClub America3
4%
Etats-UnisColombus Crew1
4%
ArgentineIndependiente1
4%
TurquieKayserispor2
4%
JaponNagoya Grampus1
4%
Etats-UnisNashville2
4%
QatarQatar SC1
4%
BelgiqueSaint-Trond1
4%
QatarAl-Duhail7
3%
Arabie SaouditeAl-Ettifaq1
3%
Arabie SaouditeAl-Wehda2
3%
GrèceAris Salonique1
3%
Etats-UnisCharlotte1
3%
MexiqueCruz Azul3
3%
BelgiqueKAS Eupen1
3%
MexiqueLeon3
3%
UruguayNacional3
3%
IranPersepolis4
3%
Etats-UnisReal Salt Lake1
3%
ChineShanghai Shenshua1
3%
Corée du SudUlsan Hyundai3
3%
ArgentineVélez Sarsfield1
3%
Arabie SaouditeAbha2
2%
Arabie SaouditeAl-Fateh1
2%
QatarAl-Wakrah1
2%
MexiqueCF Pachuca3
2%
TunisieClub africain2
2%
Etats-UnisColorado Rapids1
2%
Pologne
Pogoń Szczecin
1
2%
IranEsteghlal3
2%
MexiqueFC Juarez1
2%
PortugalGD Chaves1
2%
Corée du SudJeonbuk Motors6
2%
ArgentineNewell's Old Boys1
2%
DanemarkOB Odense2
2%
ChyprePaphos FC1
2%
Etats-UnisPhiladelphia Union1
2%
AngleterreD4Swindon Town1
2%
JaponUrawa Red Diamonds1
2%
DanemarkD2Vejle BK1
2%
EgypteZamalek1
2%
GhanaAccra Hearts1
1%
QatarAl-Arabi2
1%
TunisieCS Sfaxien1
1%
TunisieÉtoile sportive du Sahel1
1%
Etats-UnisFC Cincinnati1
1%
TurquieHatayspor1
1%
ÉcosseHearts3
1%
ÉquateurD2Imbabura SC1
1%
JaponKawasaki Frontale2
1%
BelgiqueD2KMSK Deinze1
1%
Etats-UnisMinnesota United1
1%
AngleterreD3MK Dons1
1%
CroatieNK Osijek1
1%
EspagneD2Ponferradina1
1%
Costa RicaSan Carlos1
1%
MexiqueSantos Laguna2
1%
ÉquateurSD Aucas1
1%
IranSepahan2
1%
ÉcosseSt. Johnstone1
1%
ÉcosseSt. Mirren1
1%
ArgentineTallares1
1%
TunisieUS Monastir1
1%
JaponD2Aibirex Niigata1
0%
Costa RicaAlajuelense3
0%
QatarAl-Hajri1
0%
Arabie SaouditeAl-Taï1
0%
GhanaAsante Kotoko1
0%
BrésilAtheltico Paranaense1
0%
GrèceAtromitos1
0%
AustralieCentral Coast Mariners3
0%
CamerounColombe Sportive du Dja et Lobo1
0%
CamerounCoton Sport Caroua1
0%
Corée du SudDaegu FC1
0%
Corée du SudD2Daejeon Hana Citizens1
0%
Costa RicaDeportivo Saprissa3
0%
JaponD2Fagiano Okayama1
0%
Corée du SudGimcheon Sangmu1
0%
Costa RicaHerediano6
0%
ÉquateurIndependiente del Valle1
0%
KoweïtKoweït SC2
0%
ColombieMillonarios1
0%
Costa RicaMunicipal Grecia1
0%
GrècePanetolikos1
0%
JaponShimizu S-Pulse1
0%

Distribution des résultats

Percentile par nombre de réponses

% des personnes avec chaque résultat

Votre développement - résultats

Vous n’avez pas pris ce quiz